Normal view MARC view
  • Devy, G. N. Ed

Entry Personal Name

Number of records used in: 1

001 - CONTROL NUMBER

  • control field: 69729

003 - CONTROL NUMBER IDENTIFIER

  • control field: OSt

005 - DATE AND TIME OF LATEST TRANSACTION

  • control field: 20220806111614.0

008 - FIXED-LENGTH DATA ELEMENTS

  • fixed length control field: 220806|| aca||aabn | a|a d

040 ## - CATALOGING SOURCE

  • Original cataloging agency: OSt
  • Transcribing agency: OSt

100 ## - HEADING--PERSONAL NAME

  • Personal name: Devy, G. N. Ed

670 ## - SOURCE DATA FOUND

  • Source citation: Work cat.: (OSt)39096: Devy, G. N. Ed., Being Of Bhasha: A Gegeral Introduction, Vol: One, 2014